000 00170nam a2200073Ia 4500
008 170524s9999 xx 000 0 und d
100 _aBAXI CV
245 0 _aCORPORATE GOVERNANCE
260 _bDELHI : EXCEL
999 _c8405
_d8405